000 00824nam a2200253 a 4500
001 BRL_1739
005 20190320211340.0
008 230715s1966----mx-a######---#000-0#spa-#
041 _aspa
044 _amx
050 4 _aF1219
_b.G87 1966
100 1 _aGurría Lacroix, Jorge
_d1917-1979
_923198
245 1 0 _aCódice entrada de los españoles en Tlaxcala
_cpor Jorge Gurría Lacroix
260 _aMéxico
_bUNAM, Instituto de Investigaciones Históricas
_c1966
300 _a28 p., 31 laminas
_bil.
_c23 cm
440 0 _aCuadernos, Serie histórica
_vno.14
_927755
500 _aAu1905
504 _aBibliografias: p. 26-28
650 1 4 _aManuscritos mexicanos
_9781
650 1 4 _aIndígenas de México
_xEscritura
_927756
651 4 _aTlaxcala (México : Estado)
_xHistoria
_927757
902 _aGRL
942 _2lcc
_cB
999 _c10547
_d10547